| 000 | 01169nam a22004450a 4500 | ||
|---|---|---|---|
| 001 | PT32455 | ||
| 003 | AR-LpoUNG | ||
| 005 | 20250218115330.0 | ||
| 008 | 191001s2007||||sp |||||||||||||||||spa d | ||
| 020 |
_a9788446028383 _c$70 |
||
| 040 |
_aAR-LpoUNG _bspa _cAR-LpoUNG _eaacr |
||
| 041 | _aspa | ||
| 044 | _asp | ||
| 082 | 0 | _aR911 51atl | |
| 100 | 1 | _aKinder, Hermann | |
| 245 | 1 | 0 |
_aAtlas histórico mundial : _bde los orígenes a nuestros días |
| 250 | _a22§ edición corregida y aumentada | ||
| 260 |
_aMadrid : _bAkal, _c2007. |
||
| 300 |
_a701 p. : _bil., mapas |
||
| 650 | 4 | _aATLAS | |
| 650 | 4 | _aCAMBIO SOCIAL | |
| 650 | 4 | _aCARTOGRAFIA | |
| 650 | 4 | _aCULTURA | |
| 650 | 4 | _aESTADO | |
| 650 | 4 | _aGEOGRAFIA | |
| 650 | 4 | _aHISTORIA | |
| 650 | 4 | _aHISTORIA POLITICA | |
| 650 | 4 | _aMAPAS | |
| 650 | 4 | _aMATERIAL DE REFERENCIA | |
| 650 | 4 | _aREVOLUCION | |
| 650 | 4 | _aSISTEMAS POLITICOS | |
| 651 | 4 | _aMundial | |
| 700 | 1 |
_aAlvarez, Carlos Martín _etr. |
|
| 700 | 1 |
_aDieterich Arenas, Antón _etr. |
|
| 700 | 1 | _aHergt, Manfred | |
| 700 | 1 | _aHilgemann, Werner | |
| 700 | 1 |
_aWildermuth, Werner _eil. |
|
| 905 | _a32455 | ||
| 942 |
_cLSALA _2ddc |
||
| 999 |
_c730 _d730 |
||